| 000 | 00528pam a2200157 4500 | ||
|---|---|---|---|
| 020 | _a047151781X | ||
| 050 | 0 | 0 |
_aQA273 _b.L35 1974 |
| 100 | 1 |
_aLarson, Harold J., _d1934- |
|
| 245 | 1 | 0 |
_aIntroduction to probability theory and statistical inference _c[by] Harold J. Larson. |
| 250 | _a2d ed. | ||
| 260 |
_aNew York, _bWiley _c[1974] |
||
| 300 | _axi, 430 p. | ||
| 856 | 4 | 2 | _uhttp://www.loc.gov/catdir/enhancements/fy0607/73019852-d.html |
| 856 | 4 | 1 | _uhttp://www.loc.gov/catdir/enhancements/fy0607/73019852-t.html |
| 942 |
_2lcc _cGEN |
||
| 999 |
_c8843 _d8843 |
||